000 00664nam a2200205Ii 4500
003 JO-AjNU
008 230606s9999||||xx |||||||||||||| ||und||
020 _a0-7863-0230-5
040 _aJO-AjNU
_beng
_erda
_cJO-AjNU
041 _aeng
050 1 4 _aHD30.255.E67.1996
100 3 _aEpstein,Marc J,
_eauthor
_93293
245 0 0 _aMEASURING CORPORATE ENVIRONMENTAL PERFORMANCE:Best Practices for Costing and Managing an Effective Environmental Strategy
264 3 1 _aChicago:IRWIN,1996
300 _a319p
336 _atext
_btxt
_2rdacontent
337 _aunmediated
_bn
_2rdamedia
338 _avolume
_bnc
_2rdacarrier
650 4 _a ENVIRONMENTAL-aspects
_93294
999 _aE1722
_c1722
_d1722